UBT Library

THE PARADE (Record no. 60078)

000 -LEADER
fixed length control field 00297nam a22001457a 4500
008 - FIXED-LENGTH DATA ELEMENTS--GENERAL INFORMATION
fixed length control field 230703b ||||| |||| 00| 0 eng d
020 ## - INTERNATIONAL STANDARD BOOK NUMBER
International Standard Book Number 9781935963042
041 ## - LANGUAGE CODE
Language code of text/sound track or separate title eng
080 ## - UNIVERSAL DECIMAL CLASSIFICATION NUMBER
Universal Decimal Classification number 7
082 ## - DEWEY DECIMAL CLASSIFICATION NUMBER
Classification number 7DJU
100 ## - Rafti
Rafti 19
101 ## - Shkurtesa
Shkurtesa ART
245 ## - TITLE STATEMENT
Title THE PARADE
Statement of responsibility, etc DJURBERG
942 ## - ADDED ENTRY ELEMENTS (KOHA)
Source of classification or shelving scheme
Item type Books
Holdings
Withdrawn status Lost status Source of classification or shelving scheme Damaged status Not for loan Collection code Permanent location Current location Date acquired Total Checkouts Full call number Barcode Date last seen Price effective from Koha item type
          Koleksioni i përgjithshem UBT - Lipjan UBT - Lipjan 07/03/2023   7DJU 002-800080733 07/03/2023 07/03/2023 Books
          Koleksioni i përgjithshem UBT - Lipjan UBT - Lipjan 07/03/2023   7DJU 002-800080734 07/03/2023 07/03/2023 Books
          Koleksioni i përgjithshem UBT - Lipjan UBT - Lipjan 07/03/2023   7DJU 002-800080735 07/03/2023 07/03/2023 Books
          Koleksioni i përgjithshem UBT - Lipjan UBT - Lipjan 07/03/2023   7DJU 002-800080736 07/03/2023 07/03/2023 Books
          Koleksioni i përgjithshem UBT - Lipjan UBT - Lipjan 07/03/2023   7DJU 002-800080737 07/03/2023 07/03/2023 Books
          Koleksioni i përgjithshem UBT - Lipjan UBT - Lipjan 08/29/2023   7DJU 002-800080945 08/29/2023 08/29/2023 Books
          Koleksioni i përgjithshem UBT - Lipjan UBT - Lipjan 08/29/2023   7DJU 002-800080946 08/29/2023 08/29/2023 Books
          Koleksioni i përgjithshem UBT - Lipjan UBT - Lipjan 08/29/2023   7DJU 002-800080947 08/29/2023 08/29/2023 Books
          Koleksioni i përgjithshem UBT - Lipjan UBT - Lipjan 08/29/2023   7DJU 002-800080948 08/29/2023 08/29/2023 Books
          Koleksioni i përgjithshem UBT - Lipjan UBT - Lipjan 08/29/2023   7DJU 002-800080949 08/29/2023 08/29/2023 Books
UBT Library © 2015-2024. All rights reserved University Education for Business and Technology